LEADER 00994nam a2200241 i 4500 001 000000155813 003 CaOOAMICUS 005 20090306000000.0 008 090306s1967 it u000 u ita u 013 $a133167 040 $aSeMil$bita 100 1 $aGambino, Emanuele.$0(OLS)http://semarc/name/60927 245 13$aIl Pastore sulla breccia :$bErnesto Card. Ruffini /$cEmanuele Gambino. 260 $aRoma :$bÀncora,$ccopyr. 1967. 300 $a332 p. :$briccamente ill. ;$c28 cm. 500 $aContiene : Appendice. - In custodia. - Fondo Card. Giovanni Colombo. 600 14$aRuffini, Ernesto .$0(OLS)http://semarc/subject/22412 850 $aSeMil 852 $aSeMil$W1$xVenegono$y1$m5V XVI 31$j107641$B107641$CSeMilBibl$Z2$F140059 $8I 941 1 $a3 961 $aLascito: Colombo Card. Giovanni 996 $6245$aIl Pastore sulla breccia :$bErnesto Card. Ruffini$9(OLS)http://semarc/title/228273 996 $6260$aRoma :$bÀncora$9(OLS)http://semarc/publisher/31062 LEADER 00926nas a2200241 i 4500 001 000000240378 003 CaOOAMICUS 005 20150327000000.0 008 150327b1915 xx uu u0 0lat r 013 $a219283 040 $aSeMil$bita 240 10$aResponsa ad theologicas quaestiones...$0(OLS)http://semarc/title/341922 245 10$a1915. 260 $aMediolani :$bTypis Romuli Ghirlanda,$c1915. 300 $a44, 39 p. ;$c22 cm. 500 $aFondo card. C. M. Martini. 773 0 $tCalendarium Ambrosianum.$dMediolani : Typis Galeatium & filios impressores archiepiscopales, 1800-1969.$w()2075 850 $aSeMil 852 $aSeMil$W1$xVenegono$y1$m203 4 1/116$j190724$B190724$CSeMilBibl$Z2$F201566 $85 941 1 $a4 961 $aLascito: Martini Card. Carlo Maria 996 $6245$a1915$9(OLS)http://semarc/title/221072 996 $6260$aMediolani :$bTypis Romuli Ghirlanda$9(OLS)http://semarc/publisher/40131